000 00719nam a2200241 4500
003 OSt
005 20240704073415.0
006 a
008 240704b |||||||| |||| 00| 0 eng d
020 _a978131707719
040 _aDWCL-Main lib.
_cOC
082 _2Second edition
_aCirc. 370.1523 M468l 2008
100 _aMayer, Richard E.
245 _aLearning and instruction /
250 _aSecond edition
260 _aN.J. :
_bPearson Education, Inc.,
_cc2008.
300 _axii,
_b560 p. : ill. ;
_c23 cm.
504 _aIncludes bibliographical references & index.
650 _a1. Educational Psychology.
650 _a2. Teaching.
650 _a3. Learning.
942 _2ddc
_n0
_cBK-CIRC
_eSecond edition
_kCirc.
999 _c1964
_d1964